000 00901nam a22002897a 4500
003 CHAP
005 20220817042517.0
008 971013s1968 r 00010 d
010 _a46762
011 _a47734
035 _a51877
040 _cCHAP
082 _a631.6058
_bF36 1968
110 _aFAO
245 _aRepertorio internacional de instituciones de ingeniería rural
260 _aRoma :
_bFAO,
_c1968
300 _a462 p.
590 _aBATCH-UPD
_b10
_c20130110
_lUCH01
_h0207
590 _aBATCH-UPD
_b10
_c20130409
_lUCH01
_h2219
590 _aBATCH-UPD
_b10
_c20130914
_lUCH01
_h1639
590 _aCONVERSION
_b10
_c20130109
_lUCH01
_h1326
650 1 4 _aIngeniería agrícola
_xDirectorios.
_958200
901 _aBK
942 _cLIBRO
949 _a631.6058 F36 1968
_bBC
_cFAO
_d-115863
_eFAO1
_h25932
_i51877
_si
949 _a631.6058 F36 1968
_bBC
_cFAO
_d-115865
_eFAO2
_fc.2
_h63234
_i51877
_si
999 _c46762
_d46762